|
|
|
|
| LEADER |
00000nab a2200000 ar4500 |
| 001 |
vtls008412901 |
| 003 |
SK-MaSNL |
| 005 |
20260303070211.0 |
| 008 |
051201c20051123xo sr|p|||||||000 b|slo |
| 015 |
|
|
|a SNBRB2005/11
|2 snkbucl
|
| 038 |
|
|
|a SNKBUCL
|
| 040 |
|
|
|a SNKBUCL
|b slo
|c SNKBUCL
|e AACR2
|
| 041 |
0 |
|
|a slo
|
| 044 |
|
|
|a xo
|c SK
|
| 080 |
|
|
|a 796.966.071
|2 UDC-MRF-SK2
|
| 100 |
1 |
|
|a Náprstek, Maroš
|4 ivr
|9 612289
|
| 245 |
1 |
0 |
|a Užíva si energiu z dreva
|b v Rusovciach na návšteve u Zdena Cígera, ktorý sa chystá definitívne ukončiť kariéru
|c [zhováral sa] Maroš Náprstek
|
| 300 |
|
|
|b Fotogr.
|
| 600 |
1 |
7 |
|a Cíger, Zdeno,
|d 1969-
|2 snkbucl
|9 106843
|
| 650 |
0 |
7 |
|a ľadový hokej
|2 snkbucl
|9 3231
|
| 700 |
1 |
|
|a Cíger, Zdeno,
|d 1969-
|4 aut
|9 106843
|
| 773 |
0 |
|
|t Šport
|g Roč. 59, č. 270 (23.11.2005), s. 14-15
|x 0139-7001
|
| 852 |
|
|
|a SNK
|b KIS3GCP
|
| 999 |
|
|
|c 1754364
|d 1756294
|